• 首页
  • 本馆介绍
  • 公告通知
  • 最新文献
  • 馆藏检索
  • 电子资源
  • 读者导购
  • 参考咨询
  • 我的图书馆
  • 登录
  • 详细信息显示
  • 放入我的书架
  • 预约/预借图书
  • 作者相关作品
  • 分类相关作品
  • 丛书相关作品
  • 出版社相关作品

书目信息

  • 表格格式
  • 工作单格式
  • 卡片格式
题名:
教育督导学
    
 
作者: 黄崴 主编
分册:  
出版信息: 北京   中国人民大学出版社  2011
页数: 475页
开本: 23cm
丛书名:
单 册:
中图分类: G464
科图分类:
主题词: 教育视导--高等教育--教材
电子资源:
ISBN: 978-7-300-12995-2
000 00719n|m0 2200217 450
001 1570000841
005 20150131192653.53
010    @a978-7-300-12995-2@dCNY46.00
100    @a20110113d2011 em y0chiy50 ea
101 0  @achi
102    @aCN@b110000
105    @ay z 000yy
200 1  @a教育督导学@9jiao yu du dao xue@f黄崴主编
210    @a北京@c中国人民大学出版社@d2011
215    @a475页@d23cm
330    @a本书共分十八章,包括教育督导概述、中国教育督导沿革、外国教育督导发展、教育督导体制、教育督导人员专业化、教育督导计划、教育督导调研等内容。
606 0  @a教育视导@x高等教育@j教材
690    @aG464@v5
701  0 @a黄崴@9huang wei@f(1960~)@4主编
801  0 @aCN@bTSSF@c20150131
905    @aZUCC@dG464@eJY1
    
    教育督导学/黄崴主编.-北京:中国人民大学出版社,2011
    475页;23cm
    
    
    ISBN 978-7-300-12995-2:CNY46.00
    本书共分十八章,包括教育督导概述、中国教育督导沿革、外国教育督导发展、教育督导体制、教育督导人员专业化、教育督导计划、教育督导调研等内容。
●
相关链接 在E读中查询图书 在五车中查询图书 在当当中查询图书 在豆瓣中查询图书


正题名:教育督导学     索取号:G464/JY1         预约/预借

序号 登录号 条形码 馆藏地/架位号 状态 备注
1 7857635   278576355   学院路分馆/ [索取号:G464/JY1] 在馆    
唐山师范学院图书馆 欢迎您!
大连网信软件有限公司© 版权所有